| 000 | 00557nam a22002537a 4500 | ||
|---|---|---|---|
| 003 | UA-OsUOA | ||
| 001 | 22423 | ||
| 007 | ta | ||
| 008 | 20031219b un ||||| |||| 00| 0 ukr d | ||
| 100 | _aГулыга А.В. | ||
| 090 |
_a141 _bГ94 |
||
| 942 | _cBK | ||
| 040 |
_aUA-OsUOA _brus _cUA-OsUOA _dUA-OsUOA |
||
| 245 | _aГердер | ||
| 300 | _a181 с. | ||
| 955 | _a0 | ||
| 041 | _arus | ||
| 080 | _a141 | ||
| 260 |
_aМосква _bМысль _c1975 |
||
| 044 | _aRU | ||
| 250 | _n2-е изд., дораб. | ||
| 650 | 7 | _2UDC | |
| 999 |
_c308643 _d308643 |
||